| 000 | nam a22 7a 4500 | ||
|---|---|---|---|
| 999 |
_c126561 _d126561 |
||
| 008 | 170726b xxu||||| |||| 00| 0 eng d | ||
| 050 | _aD810.S7 | ||
| 100 |
_aPersico, Joseph E. _933554 |
||
| 245 |
_aPiercing the Reich _bThe Penetration of Nazi Germany by OSS Agents during World War II _c/ Joseph E. Persico |
||
| 260 |
_aLondon _bSphere Books Ltd _c1980 |
||
| 300 |
_axiii, 464p. ; _c18cm. |
||
| 650 |
_aUnited States _xOffice of the strategic services _933555 |
||
| 650 |
_aWorld War 1939-1945 _xSecret Service _zGermany _933556 |
||
| 650 |
_aWorld War 1939-1945 _xSecret Service _zUnited States _933557 |
||
| 942 |
_2lcc _cMONOGRAPH |
||